| 000 | 01229nam a22002777a 4500 | ||
|---|---|---|---|
| 001 | BD-DhSAU 8760 | ||
| 003 | BD-DhSAU | ||
| 005 | 20181212103505.0 | ||
| 008 | 150612b2011 bg a|||| m||| 00| 0 eng d | ||
| 040 | _aBD-DhSAU | ||
| 082 |
_222 _a595.7 _bAf85 |
||
| 100 |
_aAfroz, Tajnuva _eRegistration no. # 05-01614 |
||
| 245 |
_aEffects of sulphur and boron on growth yield and nutrient content of T.Aman rice (oryza sativa) / _bMS thesis _cTajnuva Afroz, |
||
| 260 |
_aSher-e-Bangla Agricultural Uniersity : _bDepartment of Agricultural Chemistry, _c2011. |
||
| 300 |
_avi,70 p. : _bill. ; _c30 cm. |
||
| 500 | _aMS thesis of Department of Agricultural Chemistry , Faculty of Agriculture, Sher-e-Bangla Agricultural University, Dhaka, Bangladesh | ||
| 504 | _aIncludes bibliographical reference. | ||
| 590 | _aerfat | ||
| 650 | _aAgricultural Chemistry | ||
| 650 | _aEffects of sulphur and boron | ||
| 650 | _aT.Aman rice (oryza sativa) | ||
| 700 |
_aMiah, Md Shahjahan _eSuperviser |
||
| 700 |
_aZamil, Sheikl Shawkat _eCo-superviser |
||
| 856 | _uhttp://archive.saulibrary.edu.bd:8080/xmlui/handle/123456789/1937 | ||
| 942 |
_2ddc _cTHESIS |
||
| 999 |
_c8760 _d8760 |
||